000 00872cam a2200289 4500
008 090401t1995 xxu||||| |||| 00| 0 eng d
020 _a1860810098
035 _a(Sirsi) u58450
041 _aeng
050 _a694.01
100 _aMcIntyre, I.S.
245 _aTimber frame housing systems built in the UK 1920-1965.
260 _aGarston, Watford
_bBuilding Research Establishment
_c1995
300 _aiii,26p. : ill. ; 30cm.
350 _a20
490 _aBRE Report
_v283
520 _aOverview of system-built timber frame housing for the period 1920-1965.
650 _aSTRUCTURAL DESIGN
650 _aSYSTEM BUILT
650 _aTIMBER FRAMED
650 _aTIMBER-FRAMED HOUSING
690 _aBUILT ENVIRONMENT-CONSTRUCTION DESIGN
700 _aStevens, A. J.
710 _aBuilding Research Establishment
942 _n0
948 _c04/03/1997
999 _c94071
_d94071